| 000 | 00816cam a2200157 4500500 | ||
|---|---|---|---|
| 005 | 20260322012109.0 | ||
| 041 | _afre | ||
| 042 | _adc | ||
| 100 | 1 | 0 |
_aLévi, Jean _eauthor |
| 245 | 0 | 0 | _aLe tigre et le fonctionnaire. Ordre et lois sociales en Chine ancienne |
| 260 | _c1985. | ||
| 500 | _a91 | ||
| 520 | _aRésuméSelon Georges Pauget, le modèle de la banque universelle, en faveur en Europe et qui a le mieux résisté à la crise, devient inadapté : l’avenir serait aux banques qui combinent deux, et seulement deux parmi trois métiers, la banque de détail, la gestion d’actifs et la banque d’investissement. | ||
| 786 | 0 | _nLe Genre humain | 12 | 1 | 1985-03-21 | p. 151-165 | 0293-0277 | |
| 856 | 4 | 1 | _uhttps://shs.cairn.info/revue-le-genre-humain-1985-1-page-151?lang=fr&redirect-ssocas=7080 |
| 999 |
_c1770014 _d1770014 |
||